Statystyki dla Państwa rozpoczynające się na "KO".

Kliknij tutaj aby rozwiązać quiz!

Ogólne statystyki

  • Ten quiz został rozwiązany 187 razy
  • Średni wynik to 5 z 7

Statystyki odpowiedzi

Nr.Kraje% Poprawnych
7.Kostaryka
85%
1.Kolumbia
82%
5.Korea południowa
77%
4.Korea północna
75%
6.Kosowo
72%
3.Kongo
70%
2.Komory
53%

Rozkład punktacji

Percentyl według liczby udzielonych odpowiedzi

Procent ludzi z każdym wynikiem

Twoja historia wyników

Nie rozwiązałeś tego quizu